Les ouvreurs - rugbymen par images. - Statistiques

Statistiques générales
  • Ce quiz a été pris 159 fois
  • Le résultat moyen est 13 sur 20
Statistiques - réponses
Par images Hint Réponse % Correct
Romain Ntamack
97%
Matthieu Jalibert
94%
Jonathan Sexton
87%
Finn Russell
86%
Marcus Smith
86%
Owen Farrell
85%
Beauden Barrett
82%
Dan Biggar
81%
Paolo Garbisi
78%
George Ford
73%
Damian Mc Kenzie
61%
Handre Pollard
60%
Tommaso Allan
59%
Mannie Libbok
58%
Nicolas Sanchez
49%
Quade Cooper
45%
Jack Crowley
39%
Richie Mo'unga
29%
Adam Hastings
23%
Carter Gordon
15%
Aucun quiz correspondant
Distribution des résultats
% des personnes avec chaque résultat
Percentile par nombre de réponses
Votre historique - résultats
Vous n’avez pas pris ce quiz